LEADER 00929nam 2200337 450 001 990005821290203316 005 20130326131026.0 010 $a88-14-18025-3 035 $a000582129 035 $aUSA01000582129 035 $a(ALEPH)000582129USA01 035 $a000582129 100 $a20130326d2012----km-y0itay50------ba 101 $aita 102 $aIT 105 $a||||||||001yy 200 1 $a<> diversità nelle leggi$fVittorio Italia 210 $aMilano$cGiuffré$d2012 215 $aXIV, 107 p.$d254 cm 606 0 $aLeggi$2BNCF 676 $a342.4505 700 1$aITALIA,$bVittorio$0334403 801 0$aIT$bsalbc$gISBD 912 $a990005821290203316 951 $aXXIV.2.C. 179$b76338 G.$cXXIV.2.C.$d00314026 959 $aBK 969 $aGIU 979 $aCHIARA$b90$c20130326$lUSA01$h1310 979 $aCHIARA$b90$c20130326$lUSA01$h1310 996 $aDiversità nelle leggi$91089070 997 $aUNISA LEADER 01034nam0-22003251i-450- 001 990001849230403321 005 20080213093324.0 035 $a000184923 035 $aFED01000184923 035 $a(Aleph)000184923FED01 035 $a000184923 100 $a20030910d1997----km-y0itay50------ba 101 0 $aeng 102 $aDK 200 1 $aSilene ichnusae (Caryophyllaceae), a new species from Sardinia$fSalvatore Brullo, Giovanni De Marco, Giuseppe De Marco 210 $aCopenhagen$c[s.e.]$d1997 215 $ap. 161-167$d30 cm 300 $aEstr. da: Nordic journal of botany, 17(2):161-167,1997 610 0 $aSilene 676 $a583.152 700 1$aBrullo,$bSalvatore$f<1947- >$081290 701 1$aDe Marco,$bGiovanni$0356760 701 1$aDe Marco,$bGiuseppe$024026 801 0$aIT$bUNINA$gRICA$2UNIMARC 901 $aBK 912 $a990001849230403321 952 $a60 MISC. A 63/97-4$fFAGBC 959 $aFAGBC 996 $aSilene ichnusae (Caryophyllaceae), a new species from Sardinia$9413380 997 $aUNINA LEADER 05317nam 2200613Ia 450 001 9910782034103321 005 20230721032424.0 010 $a1-59327-222-7 035 $a(CKB)1000000000523896 035 $a(EBL)1137527 035 $a(OCoLC)830164461 035 $a(SSID)ssj0000073874 035 $a(PQKBManifestationID)11116068 035 $a(PQKBTitleCode)TC0000073874 035 $a(PQKBWorkID)10118772 035 $a(PQKB)10593459 035 $a(MiAaPQ)EBC1137527 035 $a(Au-PeEL)EBL1137527 035 $a(CaPaEBR)ebr10251761 035 $a(EXLCZ)991000000000523896 100 $a20070105d2008 uy 0 101 0 $aeng 135 $aur|n|---||||| 181 $ctxt 182 $cc 183 $acr 200 10$aBuilding a server with FreeBSD 7$b[electronic resource] $ea modular approach /$fBryan J. Hong 210 $aSan Francisco $cNo Starch Press$dc2008 215 $a1 online resource (292 p.) 300 $aDescription based upon print version of record. 311 $a1-59327-145-X 320 $aIncludes bibliographical references and index. 327 $aAcknowledgments; Preface; This Book's Roots; How to Use This Book; Format; Where to Start; Becoming the Superuser; Easy Editor; Part I: The Base System; FreeBSD 7.0; Summary; License; The Ports Collection; FreeBSD's Roots, Briefly; Resources; Required; Optional; Preparation; Install; Configure; Logging In; Default Search Path; Limiting SSH Access; Shutting Down; Rebooting; Configuring a Static IP; A. FreeBSD Server Behind a NAT Router; B. FreeBSD Server Connected Directly to the Internet; Dynamic DNS; hosts and resolv.conf; hosts; resolv.conf; Config Files; Notes; FreeBSD Ports Collection 327 $aSummaryResources; Required; Preparation; Install; Configure; portmaster; portaudit; Utilities; pkg_info; pkg_delete; Config Files; Notes; Part II: Third-Party Applications; Apache HTTP Server 2.2.8; Summary; Resources; Required; Optional; Preparation; Install; Configure; Testing; Utilities; apache22; Config Files; Log Files; Notes; Courier-authlib 0.60.2; Summary; Resources; Required; Preparation; Install; Configure; Testing; Config Files; Log Files; Courier-IMAP Server 4.3.0; Summary; Resources; Required; Optional; Preparation; Install; Configure; Testing; IMAP; POP3; Utilities; maildirmake 327 $aConfig FilesLog Files; Notes; CUPS Print Server 1.3.3; Summary; Resources; Required; Optional; Preparation; Install; Configure; Testing; Gutenprint Driver; HPLIP Driver; Finishing Printer Setup; Administration; Config Files; Log Files; Notes; Printer Types; Printing Restrictions; SSL Certificates; lptcontrol; Cyrus SASL 2.1.22; Summary; Resources; Required; Preparation; Install; Configure; Testing; Config Files; ddclient 3.7.3; Summary; Resources; Required; Preparation; Install; Configure; Testing; Config Files; Log Files; Notes; Drupal 5.5; Summary; Resources; Required; Preparation; Install 327 $aConfigureConfig Files; Notes; ISC BIND DNS Server 9.4.2; Summary; Resources; Required; Optional; Preparation; Install; Configure; Testing; Utilities; rndc; Config Files; Log Files; Notes; ISC DHCP Server 3.0.5; Summary; Resources; Required; Optional; Preparation; Install; Configure; Static IP Assignments; Dynamic DNS Updates; Testing; Config Files; Log Files; Lynx 2.8.6; Summary; Resources; Required; Preparation; Install; Configure; Microsoft Windows XP; Macintosh OS X; Utilities; lynx; Config Files; MediaWiki 1.11.1; Summary; Resources; Required; Preparation; Install; Configure 327 $aAdministrationConfig Files; Notes; MySQL Server 5.0.51; Summary; Resources; Required; Preparation; Install; Configure; Disabling MySQL TCP Networking; Testing; Basics; Show Databases; Create a Database; Add a User to a Database; Remove a User from a Database; Remove a User from MySQL; Delete a Database; Show User Privileges; Back Up All Databases; Back Up a Single Database; Restore a Database; Config Files; Log Files; Notes; NTP Server 4.2.2; Summary; Resources; Required; Optional; Preparation; Install; Configure; Testing; Config Files; Log Files; Notes; OpenLDAP Server 2.3.38; Summary 327 $aResources 330 $aThe most difficult aspect of building a server to act as a file server, Web server, or mail server is the initial software installation and configuration. Getting your hands on the software is one thing; getting it all to function is another thing entirely. For many people, the only option is to hire an expensive consultant. Building a Server with FreeBSD 7 tackles the problem systematically, so readers can accomplish the task themselves efficiently and affordably using the freely licensed FreeBSD operating system. Instructions are very clear and straightforward, so the reader need only read a 606 $aClient/server computing 606 $aFree computer software 606 $aOperating systems (Computers) 615 0$aClient/server computing. 615 0$aFree computer software. 615 0$aOperating systems (Computers) 676 $a005.4/3 700 $aHong$b Bryan J$g(Bryan Johnathan)$01572844 801 0$bMiAaPQ 801 1$bMiAaPQ 801 2$bMiAaPQ 906 $aBOOK 912 $a9910782034103321 996 $aBuilding a server with FreeBSD 7$93848156 997 $aUNINA